{"text_format":"2","workbook":"xlsx","n_sheets":3,"sheets":["ORÇAMENTO","CRON FÍSICO-FINANCEIRO","BDI "],"not_rendered":{"charts":0,"images":1,"macros":0,"external_links":0,"defined_names":9363,"comments":0,"pivot_tables":0},"unopened":[],"bounds":{"document_bytes":16777216,"sheet_cells":100000,"run_cost":"one","rows_first":2000,"rows_last":500,"rows_between":2000,"halvings":0,"cell_chars":16384,"cell_head_chars":4096},"cells_cut":0,"cells_raw":0,"read":"whole","date_system":"1900"}

{"sheet":"ORÇAMENTO","index":0,"n_rows":103,"n_cols":14,"rows_kept":103,"cut":false,"hidden":false,"merged":[[1,1,1,11]]}
[]
[null,"ORÇAMENTO REFERENCIAL"]
[null,"Ponte do assentamento de Santa Maria (Flores de Goiás - GO)",{"$nulls":9},"Extensão: 0,035 km"]
[{"$nulls":7},"BDI",{"$f":"'BDI '!$G$29/100","v":0.249}]
[{"$nulls":7},"BDI REDUZIDO",0.15,null,null,"Região: GO"]
[null,"Órgão responsável: CODEVASF",{"$nulls":9},"Data base: abr/2023 - sem desoneração"]
[]
[]
[null,"ITEM","CÓDIGO                ","DESCRIÇÃO DO SERVIÇO","UNIDADE","BASE REFERENCIAL","QUANTIDADE","CUSTO UNITÁRIO \n(R$)","BDI %","DT","PREÇO UNITÁRIO\nC/ BDI (R$)","PREÇO TOTAL\n(R$)"]
[]
[null,"1.","","CUSTOS INDIRETOS  ","",{"$nulls":6},{"$f":"SUM(L12:L17)","v":726559.06},null,"T"]
[null,"1.1.","CA0001","ADMINISTRAÇÃO LOCAL  ","UN","SICRO",1,245890.83,{"$f":"IF(E12=\"\",\"\",$I$4)","v":0.249},null,{"$f":"IF(E12=\"\",\"\",ROUND(H12*(1+I12),2))","v":307117.65000000002},{"$f":"IF(E12=\"\",\"\",ROUND(G12*K12,2))","v":307117.65000000002},null,{"$f":"L12/$L$103","v":0.11353637471064076}]
[null,"1.2.","CA0002","CANTEIRO DE OBRAS  ","UN","SICRO",1,282753.38,{"$f":"IF(E13=\"\",\"\",$I$4)","v":0.249},null,{"$f":"IF(E13=\"\",\"\",ROUND(H13*(1+I13),2))","v":353158.97},{"$f":"IF(E13=\"\",\"\",ROUND(G13*K13,2))","v":353158.97},null,{"$f":"L13/$L$103","v":0.13055709807086613}]
[null,"1.3.","CA0003","MOBILIZAÇÃO E DESMOBILIZAÇÃO  ","UN","SICRO",1,40782.54,0.249,null,50937.39,50937.39,null,{"$f":"L14/$L$103","v":1.8830720402497367E-2}]
[null,"1.4.","","SERVIÇOS PRELIMINARES","",null,0,0,"",null,"","",null,"ST"]
[null,"1.4.1.","5213570","Placa em aço - película I + I - fornecimento e implantação","m²","SICRO",25,463.9,0.249,"",579.41,14485.25]
[null,"1.4.2.","5216111","Suporte para placa de sinalização em madeira de lei tratada 8 x 8 cm - fornecimento e implantação","un","SICRO",6,114.73,0.249,"",143.30000000000001,859.8]
[null,"2.","","TERRAPLANAGEM","",null,0,0,"","","",{"$f":"SUM(L19:L23)","v":91024.320000000007},null,"T"]
[null,"2.1.","5501700","Desmatamento, destocamento e limpeza de área com árvores de diâmetro até 0,15 m","m²","SICRO",493,0.53,0.249,"",0.66,325.38]
[null,"2.2.","5502985","Limpeza mecanizada da camada vegetal","m²","SICRO",8923.18,0.45,0.249,"",0.56000000000000005,4996.9799999999996]
[null,"2.3.","5501710","Escavação, carga e transporte em material de 1ª categoria - DMT de 50 m","m³","SICRO",15.55,2.86,0.249,"",3.57,55.51]
[null,"2.4.","5502142","Escavação, carga e transporte de material de 1ª categoria - DMT de 1.400 a 1.600 m - caminho de serviço em revestimento primário -  com escavadeira e caminhão basculante de 14 m³","m³","SICRO",5971.43,7.57,0.249,"",9.4499999999999993,56430.01]
[null,"2.5.","5502978","Compactação de aterros a 100% do Proctor normal","m³","SICRO",4789.58,4.88,0.249,"",{"$f":"IF(E23=\"\",\"\",ROUND(H23*(1+I23),2))","v":6.1},29216.44]
[null,"3.","","GABIÃO","",null,0,0,"","","",{"$f":"SUM(L25:L34)","v":668780.81999999983},null,"T"]
[null,"3.1.","3205864","Gabião caixa 2 x 1 x 0,50 m - Zn/Al + PVC - D = 2,4 mm - pedra de mão comercial - fornecimento e assentamento","m³","SICRO",217.1,1017.14,0.249,"",1270.4100000000001,275806.01]
[null,"3.2.","3205866","Gabião caixa 2 x 1 x 1,00 m - Zn/Al + PVC - D = 2,4 mm - pedra de mão comercial - fornecimento e assentamento","m³","SICRO",264.73,780.95,0.249,"",975.41,258220.29]
[null,"3.3.","3205876","Gabião colchão espessura 0,30 m - Zn/Al + PVC - D = 2,0 mm - pedra de mão comercial - fornecimento e assentamento","m²","SICRO",102.63,328.01,0.249,"",409.68,42045.46]
[null,"3.4.","5501706","Escavação mecânica com retroescavadeira em material de 1ª categoria","m³","SICRO",700.1,7.11,0.249,"",8.8800000000000008,6216.89]
[null,"3.5.","2003867","Aplicação de geotêxtil não-tecido agulhado com resistência à tração longitudinal de 31 kN/m","m²","SICRO",834.32,16.57,0.249,"",20.7,17270.419999999998]
[null,"3.6.","4815671","Reaterro e compactação com soquete vibratório","m³","SICRO",352.99,15.35,0.249,"",19.170000000000002,6766.82]
[null,"3.7.","5915320","Transporte com caminhão basculante de 14 m³ - rodovia em revestimento primário (rachão)","tkm","SICRO",1414.83,0.71,0.249,1.6,0.89,1259.2]
[null,"3.8.","5915321","Transporte com caminhão basculante de 14 m³ - rodovia pavimentada (rachão)","tkm","SICRO",85243.41,0.56999999999999995,0.249,96.4,0.71,60522.82]
[null,"3.9.","5914464","Transporte com caminhão carroceria de 15 t - rodovia em revestimento primário - GABIÃO+GEOTÊXTIL","tkm","SICRO",7.6,0.89,0.249,1.4,1.1100000000000001,8.44]
[null,"3.10.","5914479","Transporte com caminhão carroceria de 15 t - rodovia pavimentada - GABIÃO+GEOTÊXTIL","tkm","SICRO",738.3,0.72,{"$f":"IF(E34=\"\",\"\",$I$4)","v":0.249},136,{"$f":"IF(E34=\"\",\"\",ROUND(H34*(1+I34),2))","v":0.9},{"$f":"IF(E34=\"\",\"\",ROUND(G34*K34,2))","v":664.47}]
[null,"4.","","OBRA DE ARTE ESPECIAL","",null,0,"","","","",{"$f":"SUM(L36:L85)","v":1136502.6500000001},null,"T"]
[null,"4.1.","","INFRAESTRUTURA","",null,0,"","","","","",null,"ST"]
[null,"4.1.1.","4805749","Escavação manual de vala em material de 1ª categoria","m³","SICRO",65.52000000000001,66.72,0.249,"",83.33,5459.78]
[null,"4.1.2.","4815671","Reaterro e compactação com soquete vibratório","m³","SICRO",34.800000000000011,15.35,0.249,"",19.170000000000002,667.12]
[null,"4.1.3.","2306066","Estaca raiz perfurada no solo com D = 40 cm - confecção","m","SICRO",276,229.63,0.249,"",286.81,79159.56]
[null,"4.1.4.","2306071","Estaca raiz perfurada na rocha com D = 40 cm - confecção","m","SICRO",0,1908.62,0.249,"",2383.87,0]
[null,"4.1.5.","2306248","Arrasamento de estacas de concreto com seção superior a  900 cm²","m³","SICRO",0.3,521.17999999999995,0.249,"",650.95000000000005,195.29]
[null,"4.1.6.","3106121","Fôrmas de tábuas de pinho - utilização de 3 vezes - confecção, instalação e retirada","m²","SICRO",49.92,89.94,0.249,"",112.34,5608.01]
[null,"4.1.7.","0407819","Armação em aço CA-50 - fornecimento, preparo e colocação","kg","SICRO",16872,12.71,0.249,"",15.87,267758.64]
[null,"4.1.8.","1107888","Concreto fck = 15 MPa - confecção em betoneira e lançamento manual - areia e brita comerciais","m³","SICRO",1.28,452.55,0.249,"",565.23,723.49]
[null,"4.1.9.","1107900","Concreto fck = 30 MPa - confecção em betoneira e lançamento manual - areia e brita comerciais","m³","SICRO",30.72,507.56,0.249,"",633.94000000000005,19474.64]
[null,"4.2.","","MESOESTRUTURA","",null,0,"","","","","",null,"ST"]
[null,"4.2.1.","2108170","Escoramento com pontaletes D = 15 cm - utilização de 2 vezes - confecção, instalação e retirada","m³","SICRO",84.95,36.83,0.249,"",46,3907.7]
[null,"4.2.2.","3108017","Fôrmas de compensado plastificado 14 mm - uso geral - utilização de 3 vezes - confecção, instalação e retirada","m²","SICRO",56.18,82.19,0.249,"",102.66,5767.44]
[null,"4.2.3.","1107900","Concreto fck = 30 MPa - confecção em betoneira e lançamento manual - areia e brita comerciais","m³","SICRO",13.27,507.56,0.249,"",633.94000000000005,8412.3799999999992]
[null,"4.2.4.","1109680","Argamassa para reparos e graouteamento","m³","SICRO",0.05,3333.04,0.249,"",4162.97,208.15]
[null,"4.2.5.","0407819","Armação em aço CA-50 - fornecimento, preparo e colocação","kg","SICRO",974,12.71,0.249,"",15.87,15457.38]
[null,"4.2.6.","0407820","Armação em aço CA-60 - fornecimento, preparo e colocação","kg","SICRO",194.8,14.01,0.249,"",17.5,3409]
[null,"4.2.7.","0307731","Aparelho de apoio de neoprene fretado para estruturas moldadas no local - fornecimento e instalação","dm³","SICRO",42,110.69,0.249,"",138.25,5806.5]
[null,"4.3.","","SUPERESTRUTURA","",null,0,"","","","","",null,"ST"]
[null,"4.3.1.","","SUPERESTRUTURA LONGARINA","",null,0,"","","","","",null,"ST"]
[null,"4.3.1.1.","3108017","Fôrmas de compensado plastificado 14 mm - uso geral - utilização de 3 vezes - confecção, instalação e retirada","m²","SICRO",241.5,82.19,0.249,"",102.66,24792.39]
[null,"4.3.1.2.","1107900","Concreto fck = 30 MPa - confecção em betoneira e lançamento manual - areia e brita comerciais","m³","SICRO",55.82,507.56,0.249,"",633.94000000000005,35386.53]
[null,"4.3.1.3.","0407819","Armação em aço CA-50 - fornecimento, preparo e colocação","kg","SICRO",8931.2000000000007,12.71,0.249,"",15.87,141738.14000000001]
[null,"4.3.2.","","SUPERESTRUTURA (LAJE+TRANSVERSINAS+ALAS","",null,0,"","","","","",null,"ST"]
[null,"4.3.2.1.","2108170","Escoramento com pontaletes D = 15 cm - utilização de 2 vezes - confecção, instalação e retirada","m³","SICRO",1549.61,36.83,0.249,"",46,71282.06]
[null,"4.3.2.2.","3108017","Fôrmas de compensado plastificado 14 mm - uso geral - utilização de 3 vezes - confecção, instalação e retirada","m²","SICRO",369.26,82.19,0.249,"",102.66,37908.230000000003]
[null,"4.3.2.3.","1107900","Concreto fck = 30 MPa - confecção em betoneira e lançamento manual - areia e brita comerciais","m³","SICRO",83.62,507.56,0.249,"",633.94000000000005,53010.06]
[null,"4.3.2.4.","0407819","Armação em aço CA-50 - fornecimento, preparo e colocação","kg","SICRO",11764.6,12.71,0.249,"",15.87,186704.2]
[null,"4.3.3.","","LAJE DE TRANSIÇÃO","",null,0,"","","","","",null,"ST"]
[null,"4.3.3.1.","3108017","Fôrmas de compensado plastificado 14 mm - uso geral - utilização de 3 vezes - confecção, instalação e retirada","m²","SICRO",12.32,82.19,0.249,"",102.66,1264.77]
[null,"4.3.3.2.","1107900","Concreto fck = 30 MPa - confecção em betoneira e lançamento manual - areia e brita comerciais","m³","SICRO",15.02,507.56,0.249,"",633.94000000000005,9521.7800000000007]
[null,"4.3.3.3.","0407819","Armação em aço CA-50 - fornecimento, preparo e colocação","kg","SICRO",901.2,12.71,0.249,"",15.87,14302.04]
[null,"4.3.4.","","BARREIRA NEW JERSEY","",null,0,"","","","","",null,"ST"]
[null,"4.3.4.1.","3108017","Fôrmas de compensado plastificado 14 mm - uso geral - utilização de 3 vezes - confecção, instalação e retirada","m²","SICRO",124.6,82.19,0.249,"",102.66,12791.44]
[null,"4.3.4.2.","1107900","Concreto fck = 30 MPa - confecção em betoneira e lançamento manual - areia e brita comerciais","m³","SICRO",16.48,507.56,0.249,"",633.94000000000005,10447.33]
[null,"4.3.4.3.","0407819","Armação em aço CA-50 - fornecimento, preparo e colocação","kg","SICRO",1977.6,12.71,0.249,"",15.87,31384.51]
[null,"4.3.5.","","DIVERSOS","",null,0,"","","","","",null,"ST"]
[null,"4.3.5.1.","2007971","Dreno de PVC D = 100 mm para OAE - fornecimento e instalação","m","SICRO",18,94.96,{"$f":"IF(E73=\"\",\"\",$I$4)","v":0.249},"",{"$f":"IF(E73=\"\",\"\",ROUND(H73*(1+I73),2))","v":118.61},{"$f":"IF(E73=\"\",\"\",ROUND(G73*K73,2))","v":2134.98}]
[null,"4.3.5.2.","1107896","Concreto fck = 25 MPa - confecção em betoneira e lançamento manual - areia e brita comerciais","m³","SICRO",20.23,487.17,0.249,"",608.48,12309.55]
[null,"4.4.","","TRANSPORTE","",null,0,"","","","","",null,"ST"]
[null,"4.4.1.","5915320","Transporte com caminhão basculante de 14 m³ - rodovia em revestimento primário - BRITA","tkm","SICRO",417.13,0.71,0.249,1.6,0.89,371.25]
[null,"4.4.2.","5915320","Transporte com caminhão basculante de 14 m³ - rodovia em revestimento primário - AREIA","tkm","SICRO",371.08,0.71,0.249,1.45,0.89,330.26]
[null,"4.4.3.","5915321","Transporte com caminhão basculante de 14 m³ - rodovia pavimentada - BRITA","tkm","SICRO",25131.81,0.56999999999999995,0.249,96.4,0.71,17843.59]
[null,"4.4.4.","5915321","Transporte com caminhão basculante de 14 m³ - rodovia pavimentada - AREIA","tkm","SICRO",40069.39,0.56999999999999995,0.249,156.57,0.71,28449.27]
[null,"4.4.5.","5914464","Transporte com caminhão carroceria de 15 t - rodovia em revestimento primário - CIMENTO","tkm","SICRO",139.97,0.89,0.249,1.4,1.1100000000000001,155.37]
[null,"4.4.6.","5914479","Transporte com caminhão carroceria de 15 t - rodovia pavimentada - CIMENTO","tkm","SICRO",11225.5,0.72,0.249,136,0.9,10102.950000000001]
[null,"4.4.7.","5914464","Transporte com caminhão carroceria de 15 t - rodovia em revestimento primário - MADEIRA+DESMOLDANTE","tkm","SICRO",98.84,0.89,0.249,1.4,1.1100000000000001,109.71]
[null,"4.4.8.","5914479","Transporte com caminhão carroceria de 15 t - rodovia pavimentada - MADEIRA+DESMOLDANTE","tkm","SICRO",9601.43,0.72,0.249,136,0.9,8641.2900000000009]
[null,"4.4.9.","5914464","Transporte com caminhão carroceria de 15 t - rodovia em revestimento primário - AÇO+APARELHO DE APOIO","tkm","SICRO",65.45,0.89,0.249,1.4,1.1100000000000001,72.650000000000006]
[null,"4.4.10.","5914481","Transporte com caminhão carroceria de 15 t - rodovia pavimentada - AÇO+APARELHO DE APOIO","tkm","SICRO",6357.82,0.43,0.249,136,0.54,3433.22]
[null,"5.","","SINALIZAÇÃO","",null,0,"","","","",{"$f":"SUM(L87:L92)","v":3049.0300000000007},null,"T"]
[null,"5.1.","5213464","Placa de advertência em aço, lado de 0,60 m - película retrorrefletiva tipo I + SI - fornecimento e implantação","un","SICRO",2,248.5,0.249,"",310.38,620.76]
[null,"5.2.","5213572","Placa de regulamentação em aço D = 0,60 m - película retrorrefletiva tipo I + SI - fornecimento e implantação","m²","SICRO",0.56999999999999995,594.01,0.249,"",741.92,422.89]
[null,"5.3.","5213477","Placa delineador em aço - 0,30 x 0,90 m - película retrorrefletiva tipo I + IV - fornecimento e implantação","un\n","SICRO",4,166.29,0.249,"",207.7,830.8]
[null,"5.4.","5216111","Suporte para placa de sinalização em madeira de lei tratada 8 x 8 cm - fornecimento e implantação","un","SICRO",8,114.73,0.249,"",143.30000000000001,1146.4000000000001]
[null,"5.5.","5914464","Transporte com caminhão carroceria de 15 t - rodovia em revestimento primário - MADEIRA+PLACAS","tkm","SICRO",0.32,0.89,0.249,1.4,1.1100000000000001,0.36]
[null,"5.6.","5914479","Transporte com caminhão carroceria de 15 t - rodovia pavimentada - MADEIRA+PLACAS","tkm","SICRO",30.91,0.72,0.249,136,0.9,27.82]
[null,"6.","","OBRAS COMPLEMENTARES","",null,0,"","","","",{"$f":"SUM(L94:L101)","v":79099.59},null,"T"]
[null,"6.1.","3713613","Cerca com 4 fios de arame liso galvanizado e mourão de madeira a cada 2,5 m e esticador a cada 50 m","m","SICRO",248,19.989999999999998,0.249,"",24.97,6192.56]
[null,"6.2.","1600966","Remoção de cerca com mourões de concreto","m","SICRO",215,0.68,0.249,"",0.85,182.75]
[null,"6.3.","4413200","Plantio de grama comercial em placas","m²","SICRO",1264.67,13.27,0.249,"",16.57,20955.580000000002]
[null,"6.4.","4413905","Hidrossemeadura","m²","SICRO",5971.43,6.32,0.249,"",7.89,47114.58]
[null,"6.5.","5914464","Transporte com caminhão carroceria de 15 t - rodovia em revestimento primário - ARAME+MADEIRA","tkm","SICRO",2.7,0.89,0.249,1.4,1.1100000000000001,3]
[null,"6.6.","5914479","Transporte com caminhão carroceria de 15 t - rodovia pavimentada -ARAME+MADEIRA","tkm","SICRO",262.74,0.72,0.249,136,0.9,236.47]
[null,"6.7.","5914464","Transporte com caminhão carroceria de 15 t - rodovia em revestimento primário - GRAMA+ADITIVOS HIDROSSEMEADURA","tkm","SICRO",49.86,0.89,0.249,1.4,1.1100000000000001,55.34]
[null,"6.8.","5914479","Transporte com caminhão carroceria de 15 t - rodovia pavimentada - GRAMA+ADITIVOS HIDROSSEMEADURA","tkm","SICRO",4843.68,0.72,0.249,136,0.9,4359.3100000000004]
[null,"x"]
[null,"TOTAL GERAL",{"$nulls":9},{"$f":"L11+L18+L24+L35+L86+L93","v":2705015.4699999997},null,"T"]

{"sheet":"CRON FÍSICO-FINANCEIRO","index":1,"n_rows":56,"n_cols":10,"rows_kept":56,"cut":false,"hidden":false,"merged":[[49,1,51,1],[49,2,51,2],[49,3,51,3],[43,1,45,1],[43,2,45,2],[43,3,45,3],[46,1,48,1],[46,2,48,2],[46,3,48,3],[37,1,39,1],[37,2,39,2],[37,3,39,3],[40,1,42,1],[40,2,42,2],[40,3,42,3],[31,1,33,1],[31,2,33,2],[31,3,33,3],[34,1,36,1],[34,2,36,2],[34,3,36,3],[25,1,27,1],[25,2,27,2],[25,3,27,3],[28,1,30,1],[28,2,30,2],[28,3,30,3],[1,4,1,8],[8,1,9,1],[8,2,9,2],[8,3,9,3],[8,4,8,8],[22,1,24,1],[22,2,24,2],[22,3,24,3],[1,1,1,3],[10,1,12,1],[10,2,12,2],[10,3,12,3],[13,1,15,1],[13,2,15,2],[13,3,15,3],[16,1,18,1],[16,2,18,2],[16,3,18,3],[19,1,21,1],[19,2,21,2],[19,3,21,3]]}
[]
[null,"CRONOGRAMA FISICO-FINANCEIRO",null,null,"CRONOGRAMA FISICO-FINANCEIRO"]
[null,"Ponte do assentamento de Santa Maria (Flores de Goiás - GO)",{"$nulls":6},"Extensão: 0,035 km"]
[]
[{"$nulls":8},"Região: GO"]
[null,"Órgão responsável: CODEVASF",{"$nulls":6},"Data base: abr/2023 - sem desoneração"]
[]
[]
[null,"ITEM","DISCRIMINAÇÃO","VALOR DA ETAPA","MESES"]
[{"$nulls":4},1,2,3,4,5]
[null,"1.","CUSTOS INDIRETOS",null,{"$f":"ROUND((E16+E19+E22+E25)/(SUM($D$14:$D$25)),4)","v":0.6099},{"$f":"ROUND((F16+F19+F22+F25)/(SUM($D$14:$D$25)),4)","v":8.8800000000000004E-2},8.8800000000000004E-2,8.8800000000000004E-2,0.12379999999999999,{"$f":"SUM(E11:I11)","v":1.0001}]
[{"$nulls":4},{"$f":"IF(E11<>0,\"=\",\"\")","v":"="},"=","=","=","="]
[{"$nulls":4},{"$f":"+ROUND(E11*$D11,4)","v":0},0,0,0,0]
[null,"1.1","ADMINISTRAÇÃO LOCAL",{"$f":"ORÇAMENTO!$L$12","v":307117.65000000002},{"$f":"1/5","v":0.2},{"$f":"1/5","v":0.2},0.2,0.2,0.2,{"$f":"SUM(E14:I14)","v":1}]
[{"$nulls":4},{"$f":"IF(E14<>0,\"=\",\"\")","v":"="},"=","=","=","="]
[{"$nulls":4},{"$f":"+ROUND(E14*$D14,4)","v":61423.53},61423.53,61423.53,61423.53,61423.53]
[null,"1.2","INSTALAÇÃO DE CANTEIRO DE OBRAS",{"$f":"ORÇAMENTO!$L$13","v":353158.97},1,{"$nulls":4},{"$f":"SUM(E17:I17)","v":1}]
[{"$nulls":4},{"$f":"IF(E17<>0,\"=\",\"\")","v":"="},"","","",""]
[{"$nulls":4},{"$f":"+ROUND(E17*$D17,4)","v":353158.97},0,0,0,0]
[null,"1.3","MOBILIZAÇÃO E DESMOBILIZAÇÃO",{"$f":"ORÇAMENTO!$L$14","v":50937.39},0.5,null,null,null,0.5,{"$f":"SUM(E20:I20)","v":1}]
[{"$nulls":4},{"$f":"IF(E20<>0,\"=\",\"\")","v":"="},"","","","="]
[{"$nulls":4},{"$f":"+ROUND(E20*$D20,4)","v":25468.695},0,0,0,25468.695]
[null,"1.4",{"$f":"ORÇAMENTO!D15","v":"SERVIÇOS PRELIMINARES"},{"$f":"ORÇAMENTO!$L$11-SUM(ORÇAMENTO!$L$12:$L$14)","v":15345.050000000047},{"$f":"1/5","v":0.2},{"$f":"1/5","v":0.2},0.2,0.2,0.2,{"$f":"SUM(E23:I23)","v":1}]
[{"$nulls":4},{"$f":"IF(E23<>0,\"=\",\"\")","v":"="},"=","=","=","="]
[{"$nulls":4},{"$f":"+ROUND(E23*$D23,4)","v":3069.01},3069.01,3069.01,3069.01,3069.01]
[null,"2.",{"$f":"ORÇAMENTO!$D$18","v":"TERRAPLANAGEM"},{"$f":"ORÇAMENTO!$L$18","v":91024.320000000007},null,null,null,0.7,0.3,{"$f":"SUM(E26:I26)","v":1}]
[{"$nulls":4},{"$f":"IF(E26<>0,\"=\",\"\")","v":""},"","","=","="]
[{"$nulls":4},{"$f":"+ROUND(E26*$D26,4)","v":0},0,0,63717.023999999998,27307.295999999998]
[null,"3.",{"$f":"ORÇAMENTO!$D$24","v":"GABIÃO"},{"$f":"ORÇAMENTO!$L$24","v":668780.81999999983},null,null,0.2,0.7,0.1,{"$f":"SUM(E29:I29)","v":0.99999999999999989}]
[{"$nulls":4},{"$f":"IF(E29<>0,\"=\",\"\")","v":""},"","=","=","="]
[{"$nulls":4},{"$f":"+ROUND(E29*$D29,4)","v":0},0,133756.16399999999,468146.57400000002,66878.081999999995]
[null,"4.",{"$f":"ORÇAMENTO!$D$35","v":"OBRA DE ARTE ESPECIAL"},{"$f":"ORÇAMENTO!$L$35","v":1136502.6500000001},0.2,0.35,0.25,0.15,0.05,{"$f":"SUM(E32:I32)","v":1}]
[{"$nulls":4},{"$f":"IF(E32<>0,\"=\",\"\")","v":"="},"=","=","=","="]
[{"$nulls":4},{"$f":"+ROUND(E32*$D32,4)","v":227300.53},397775.92749999999,284125.66249999998,170475.39749999999,56825.1325]
[null,"5.",{"$f":"ORÇAMENTO!$D$86","v":"SINALIZAÇÃO"},{"$f":"ORÇAMENTO!$L$86","v":3049.0300000000007},{"$nulls":4},1,{"$f":"SUM(E35:I35)","v":1}]
[{"$nulls":4},{"$f":"IF(E35<>0,\"=\",\"\")","v":""},"","","","="]
[{"$nulls":4},{"$f":"+ROUND(E35*$D35,4)","v":0},0,0,0,3049.03]
[null,"6.",{"$f":"ORÇAMENTO!$D$93","v":"OBRAS COMPLEMENTARES"},{"$f":"ORÇAMENTO!$L$93","v":79099.59},null,null,null,0.05,0.95,{"$f":"SUM(E38:I38)","v":1}]
[{"$nulls":4},{"$f":"IF(E38<>0,\"=\",\"\")","v":""},"","","=","="]
[{"$nulls":4},{"$f":"+ROUND(E38*$D38,4)","v":0},0,0,3954.9794999999999,75144.610499999995]
[null,"7.",{"$nulls":7},{"$f":"SUM(E41:I41)","v":0}]
[{"$nulls":4},{"$f":"IF(E41<>0,\"=\",\"\")","v":""},"","","",""]
[{"$nulls":4},{"$f":"+ROUND(E41*$D41,4)","v":0},0,0,0,0]
[null,"8.",{"$nulls":7},{"$f":"SUM(E44:I44)","v":0}]
[{"$nulls":4},{"$f":"IF(E44<>0,\"=\",\"\")","v":""},"","","",""]
[{"$nulls":4},{"$f":"+ROUND(E44*$D44,4)","v":0},0,0,0,0]
[null,"9.",{"$nulls":7},{"$f":"SUM(E47:I47)","v":0}]
[{"$nulls":4},{"$f":"IF(E47<>0,\"=\",\"\")","v":""},"","","",""]
[{"$nulls":4},{"$f":"+ROUND(E47*$D47,4)","v":0},0,0,0,0]
[null,"10.",{"$nulls":7},{"$f":"SUM(E50:I50)","v":0}]
[{"$nulls":4},{"$f":"IF(E50<>0,\"=\",\"\")","v":""},"","","",""]
[{"$nulls":4},{"$f":"+ROUND(E50*$D50,4)","v":0},0,0,0,0]
[null,null,"TOTAIS SIMPLES    (%)",null,{"$f":"+E55/$D$56","v":0.24784358626976727},{"$f":"+F55/$D$56","v":0.17089309566869132},{"$f":"+G55/$D$56","v":0.17832591785510196},{"$f":"+H55/$D$56","v":0.28494717444259204},{"$f":"+I55/$D$56","v":0.11799022576384749}]
[null,null,"TOTAIS ACUMULADOS    (%)",null,{"$f":"+E53","v":0.24784358626976727},{"$f":"+F53+E54","v":0.41873668193845859},0.59706259979356058,0.88200977423615257,1]
[null,null,"TOTAIS SIMPLES    (R$)",null,{"$f":"E16+E19+E22+E25+E28+E31+E34+E37+E40","v":670420.73499999999},{"$f":"F16+F19+F22+F25+F28+F31+F34+F37+F40","v":462268.46749999997},482374.3665,770786.51500000001,319165.386]
[null,null,"TOTAIS ACUMULADOS    (R$)",{"$f":"SUM(D11:D55)","v":2705015.4699999997},{"$f":"+E55","v":670420.73499999999},{"$f":"+E56+F55","v":1132689.2024999999},1615063.5689999999,2385850.0839999998,2705015.4699999997]

{"sheet":"BDI ","index":2,"n_rows":38,"n_cols":7,"rows_kept":38,"cut":false,"hidden":false,"merged":[[36,1,36,3],[37,1,37,2],[15,1,15,2],[19,1,19,2],[25,1,25,2],[5,1,5,6],[6,1,6,6],[7,1,8,2],[7,3,7,4],[7,5,7,6],[0,1,0,6],[1,1,1,6],[2,1,2,6],[3,1,3,6],[4,1,4,6]]}
[null,"CODEVASF"]
[null,"COMPOSIÇÃO DA PARCELA DE BDI (BONIFICAÇÃO E DESPESAS INDIRETAS) "]
[]
[null,"Ofício-Circular nº 5124/2023 (SEI DNIT nº 15729844)"]
[null,"Período de vigência: Desde 27 de setembro de 2023"]
[]
[null,"CONSTRUÇÃO RODOVIÁRIA - OBRA"]
[null,"DESPESAS INDIRETAS",null,"DESONERADO",null,"ONERADO"]
[null,null,null,"% sobre PV","% sobre CD","% sobre PV","% sobre CD"]
[null,"Administração Central","Variável - f (CD)",4.57,{"$f":"(D10*$D$28)/$D$27-0.01","v":5.9944683317055798},4.8,{"$f":"(F10*$F$28)/$F$27","v":5.9952560646241659}]
[null,"Despesas Financeiras","1,04% sobre (PV - Lucro)",{"$f":"D34*(1-D17/100)","v":0.94001411051020523},{"$f":"(D11*$D$28)/$D$27","v":1.2350732949485594},{"$f":"D34*(1-F17/100)","v":0.93669747780980561},{"$f":"(F11*$F$28)/$F$27","v":1.169946090532791}]
[null,"Seguros e Garantias Contratuais","0,25% do PV",0.25,{"$f":"(D12*$D$28)/$D$27","v":0.32847200939308424},0.25,{"$f":"(F12*$F$28)/$F$27","v":0.31225292003250865}]
[null,"Riscos","0,50% do PV",0.5,{"$f":"(D13*$D$28)/$D$27","v":0.65694401878616848},0.5,{"$f":"(F13*$F$28)/$F$27","v":0.6245058400650173}]
[null,null,"Sub-total 1",{"$f":"SUM(D10:D13)","v":6.2600141105102054},{"$f":"SUM(E10:E13)","v":8.2149576548333929},{"$f":"SUM(F10:F13)","v":6.4866974778098054},{"$f":"SUM(G10:G13)","v":8.101960915254482}]
[]
[null,"BENEFÍCIOS",null,"% sobre PV","% sobre CD","% sobre PV","% sobre CD"]
[null,"Lucro","Variável - f (CD)",6.47,{"$f":"(D17*$D$28)/$D$27","v":8.5008556030930205},6.8,{"$f":"(F17*$F$28)/$F$27","v":8.4932794248842356}]
[null,null,"Sub-total 2",{"$f":"SUM(D17)","v":6.47},{"$f":"SUM(E17)","v":8.5008556030930205},{"$f":"SUM(F17)","v":6.8},{"$f":"SUM(G17)","v":8.4932794248842356}]
[]
[null,"TRIBUTOS",null,"% sobre PV","% sobre CD","% sobre PV","% sobre CD"]
[null,"PIS","0,65% do PV",0.65,{"$f":"(D21*$D$28)/$D$27","v":0.85402722442201906},0.65,{"$f":"(F21*$F$28)/$F$27","v":0.81185759208452246}]
[null,"COFINS","3,00% do PV",3,{"$f":"(D22*$D$28)/$D$27","v":3.9416641127170107},3,{"$f":"(F22*$F$28)/$F$27","v":3.747035040390104}]
[null,"ISSQN",{"$f":"CONCATENATE(D23,\"% do PV\")","v":"3% do PV"},{"$f":"$D$38*100","v":3},{"$f":"(D23*$D$28)/$D$27","v":3.9416641127170107},{"$f":"D23","v":3},{"$f":"(F23*$F$28)/$F$27","v":3.747035040390104}]
[null,"CPRB","0,00% ou 4,50% do PV",4.5,{"$f":"(D24*$D$28)/$D$27","v":5.9124961690755162},null,{"$f":"(F24*$F$28)/$F$27","v":0}]
[null,null,"Sub-total",{"$f":"SUM(D21:D24)","v":11.15},{"$f":"SUM(E21:E24)","v":14.649851618931557},{"$f":"SUM(F21:F24)","v":6.65},{"$f":"SUM(G21:G24)","v":8.3059276728647298}]
[null,"BDI COM IMPOSTOS",null,{"$f":"D14+D18+D25+0.01","v":23.890014110510204},{"$f":"ROUND(E14+E18+E25,2)","v":31.37},{"$f":"F14+F18+F25","v":19.936697477809808},{"$f":"ROUND(G14+G18+G25,2)","v":24.9}]
[null,"Custo Direto - CD",null,{"$f":"100-D26","v":76.109985889489792},null,{"$f":"100-F26","v":80.063302522190185}]
[null,null,null,100,null,100]
[null,"BDI COM IMPOSTOS (%)","Total",{"$f":"D26","v":23.890014110510204},{"$f":"E26","v":31.37},{"$f":"F26","v":19.936697477809808},{"$f":"G26","v":24.9}]
[]
[null,"PV = Preço de Venda"]
[null,"CD = Custo Direto"]
[null,"SELIC (Setembro/2023) = 12,75% a.a.",null,12.75,"% a.a."]
[null,"CF = ((1+SELIC)1/12 x (1+INFL)1/12 -1)",null,{"$f":"((1+$D$33/100)^(1/12)-1)*100","v":1.0050402122422808}]
[null,"Seguros e Garantias = 2,5% a.a. sobre 5% do PV - Prazo Médio = 2 anos",null,{"$f":"((1+$D$33/100)^(1/12)-1)","v":1.0050402122422808E-2}]
[]
[null,"ISSQN  REAL COM A DEDUÇÃO DE MATERIAIS"]
[null,"ISSQN * % MATERIAL ORÇAMENTO",null,0.03]